Statistics for Countries with an 'H' in their name:

Click here to take the quiz!

General Stats

  • This quiz has been taken 81 times
  • The average score is 23 of 28

Answer Stats

HintAnswer% Correct
HHaiti
96%
TThailand
93%
EEthiopia
93%
GGhana
93%
South Korea
90%
PPhilippines
90%
Honduras
90%
Hungary
90%
China
89%
Chile
88%
South Sudan
88%
South Africa
88%
KKazakhstan
85%
NNetherlands
85%
AAfghanistan
85%
BBahamas
83%
Bhutan
83%
Lithuania
83%
Liechtenstein
82%
Bahrain
81%
CChad
81%
North Korea
79%
LLesotho
76%
Bosnia and Herzegovina
76%
SSeychelles
74%
Czechia
72%
Bangladesh
68%
MMarshall Islands
64%

Score Distribution

Percentile by Number Answered

Percent of People with Each Score

Your Score History

You have not taken this quiz